000
00296nam a2200121 a 4500
008
100917s1982|||| d
100
1
_a
Dzvozník, Emil
245
1
0
_a
Dukáty v naftalíne
260
_c
1982
_a
Bratislava
_b
Slovenský spisovateľ
020
_c
31
044
_a
xo
_c
SK
041
_a
slo
999
_c
10434
_d
10434